2021 Worldwide Box Office - Statistics

General Stats
  • This quiz has been taken 12 times
  • The average score is 4 of 10
Answer Stats
Rank Movie Title Worldwide Box Office (USD) Distributor/Studio Genre % Correct
1 Spider-Man: No Way Home $1,921,206,586 Sony Superhero/Comics
100%
9 Shang-Chi and the Legend of the Ten Rings $432,224,634 Disney Superhero/Comics
70%
5 F9: The Fast Saga $719,360,068 Universal Action
50%
7 Venom: Let There Be Carnage $501,546,922 Sony Superhero/Comics
50%
8 Godzilla vs. Kong $470,116,094 Warner Bros. Sci-Fi/Monster
40%
4 No Time to Die $758,929,771 United Artists Action
40%
10 Dune $429,550,066 Warner Bros. Sci-Fi/Fantasy
30%
2 Hi, Mom (你好, 李焕英) $839,098,445 China Film Group Family Comedy
30%
6 Detective Chinatown 3 (唐人街探案3) $570,051,257 Wanda Pictures Action/Comedy
20%
3 The Battle at Lake Changjin (长津湖) $808,407,908 Bona Film Group Historical Action/Drama
0%
No matching quizzes found
Score Distribution
Percent of People with Each Score
Percentile by Number Answered
Your Score History
You have not taken this quiz